| 000 | 01272nam a2200277 i 4500 | ||
|---|---|---|---|
| 001 | 19927 | ||
| 003 | ES-MaACL | ||
| 005 | 20250627063624.0 | ||
| 007 | t| | ||
| 008 | 021104s1999 sp b |||| |dspa d | ||
| 020 | _a84-7392-437-1 | ||
| 080 | _a013(460)"14/16" | ||
| 080 | _a929(460)"14/16" | ||
| 100 | 1 |
_aAntonio, Nicolás, _d1617-1684 _921980 |
|
| 245 | 1 | 0 |
_aBiblioteca hispana nueva _b: o de los escritores españoles que brillaron desde el año MD hasta el MDCLXXXIV / _cautor, Nicolas Antonio ; [director de la traducción, Gregorio de Andrés Martínez]. |
| 260 |
_aMadrid : _bFundación Universitaria Española, _c1999. |
||
| 300 |
_a2 v. ; _c35 cm + _e1 CD. |
||
| 500 | _aTrad. de la edición que hizo don Francisco Pérez Bayer en 1788, y que fue imp. en Madrid en la Imprenta de la Viuda y Herederos de don Joaquín Ibarra, impresor real. | ||
| 500 | _aTrad. de: Bibliotheca hispana nova. | ||
| 505 | 8 | _aEl CD contiene la reproducción digital de Biblioteca hispana nueva y Biblioteca hispana antigua | |
| 650 | 1 | 4 |
_aEscritores españoles- _yS.XV-XVI- _vBiobibliografías. _912389 |
| 700 | 1 |
_aAndrés Martínez, Gregorio de. _921613 |
|
| 852 |
_aES-MaACL _jB-9110-11 |
||
| 852 |
_aES-MaACL _jROT 2/2/17 _z(CD-ROM) |
||
| 999 |
_c19927 _d19927 |
||